| 000 | 00352nam a22001457a 4500 | ||
|---|---|---|---|
| 003 | SGT | ||
| 082 |
_a615 _bP16S |
||
| 100 | _aSHARMA, SURESH K. | ||
| 245 | _aTB OF PHARMACOLOGY, PATHOLOGY & GENETICS FOR NURSES VOLUME-2 | ||
| 250 | _a1ST | ||
| 260 |
_aINDIA _bJAYPEE PUB _c2016 |
||
| 300 | _a550-1066 | ||
| 650 | _aPHARMACOLOGY | ||
| 942 |
_2ddc _cBK _0211 |
||
| 999 |
_c21908 _d21908 |
||